000 00770nam a2200229Ia 4500
003 OSt
005 20251029171258.0
008 210716s2018 xx 000 0 und d
020 _a9788126571291
040 _cAIMIT LIBRARY
041 _aeng
082 _a005.8
_21
_bANTD
100 _aAntonucci, Domenic.
_9243162
245 _aCyber risk handbook :
_bcreating and measuring effective cybersecurity capabilities /
_cBy Domenic Antonucci.
250 _a1st ed.
260 _aNew Delhi :
_bWiley India Pvt Ltd ,
_c2018.
300 _axxxv,412p. ;
_bPB
_c23.8 cm
650 _aBoard cyber risk oversight
_9243163
650 _aIdentifying analyzing and evaluating cyber risks
_9243164
650 _aTreating cyber risks
_9243165
942 _2ddc
_cBK
_e1st
_k005.8 ANTD
999 _c197062
_d197062